[Event "Manchester op"]
[Site "Manchester"]
[Date "1981.??.??"]
[Round "?"]
[White "Arnason, Jon L"]
[Black "Flear, Glenn C"]
[Result "1/2-1/2"]
[WhiteElo "2450"]
[BlackElo "2385"]

1.e4 e5 2.Nf3 Nc6 3.Bb5 a6 4.Ba4 Nf6 5.O-O b5 6.Bb3 Bb7 7.d3 Be7 8.Nc3 O-O
9.Bd2 d6 10.a4 Na5 11.Ba2 b4 12.Ne2 d5 13.exd5 Bxd5 14.Bxd5 Qxd5 15.Ng3 Rfe8
16.Re1 Bf8 17.Bg5 Nd7 18.Nd2 b3 19.c4 Qxd3 20.Nxb3 Qxd1 21.Raxd1 Nxb3 22.Rxd7 Nc5
23.Rd5 Nxa4 24.b3 Nb6 25.Rd3 a5 26.Be3 a4 27.c5 Nc8 28.Ra1 a3 29.b4 Ne7 30.Raxa3 Rxa3
31.Rxa3 Rb8 32.Bd2 Nc6 33.Ra4 f5 34.Be1 g6 35.Nf1 Bh6 36.Ne3 Bxe3 37.fxe3 Kf7
38.Ra6 Nxb4 39.Bxb4 Rxb4 40.Ra7 Ke6 41.Rxc7 Rc4 42.Rxh7 Rxc5 43.Rg7 Kf6 44.Rh7 Kg5
45.Rb7 Rc2 46.Kf1 e4 47.Rb6 Rc5 48.Kf2 Rc1 49.Ra6 Rc2+ 50.Kf1 Rb2  1/2-1/2

[Event "America-Europe"]
[Site "Mar del Plata"]
[Date "1981.??.??"]
[Round "4"]
[White "Christiansen, Larry Mark"]
[Black "Larsen, Bent"]
[Result "0-1"]
[WhiteElo "2515"]
[BlackElo "2610"]

1.e4 e5 2.Nf3 Nc6 3.Bb5 a6 4.Ba4 Nf6 5.O-O b5 6.Bb3 Bb7 7.d3 Be7 8.Nc3 d6
9.a4 b4 10.Nd5 O-O 11.a5 Nxd5 12.Bxd5 Nxa5 13.Rxa5 c6 14.Bxf7+ Rxf7 15.Ra1 a5
16.b3 Bf6 17.Bb2 Qb6 18.Nd2 d5 19.Kh1 Ba6 20.f4 exf4 21.e5 Bg5 22.e6 Re7
23.Qg4 Bh6 24.Bf6 Ree8 25.Rae1 Bc8 26.Rxf4 Qc7 27.Rf2 c5 28.Nf1 d4 29.Re5 Qc6
30.Rg5 Ra7 31.Bxg7 Bxg5 32.Bf6 h6 33.Rf5 Rg7 34.Bxg7 Qxe6 35.Qh5  0-1

[Event "US op"]
[Site "Palo Alto"]
[Date "1981.??.??"]
[Round "10"]
[White "Winslow, Elliott C"]
[Black "Shirazi, Kamran G"]
[Result "1-0"]
[WhiteElo "2312"]
[BlackElo "2425"]

1.e4 e5 2.Nf3 Nc6 3.Bb5 a6 4.Ba4 Nf6 5.O-O b5 6.Bb3 Bb7 7.Re1 Bc5 8.c3 d6
9.d4 Bb6 10.Bg5 h6 11.Bh4 Qe7 12.a4 O-O-O 13.axb5 axb5 14.Na3 Na7 15.Qd3 g5
16.Bg3 Nxe4 17.Rxe4 f5 18.Rxe5 dxe5 19.Qxf5+ Kb8 20.Bxe5 Rhf8 21.Qg6 Nc6
22.Bg3 Rf6 23.Qc2 Rxf3 24.gxf3 Bxd4 25.Nxb5 Bb6 26.Qe4 Qc5 27.Qc4 Qf5 28.Rd1 Rf8
29.Qe2 h5 30.Bc2 Qf7 31.Nd6 cxd6 32.Bxd6+ Bc7 33.Bxf8 Qxf8 34.Be4 Qf4 35.Qb5 Qxh2+
36.Kf1 Qh3+ 37.Ke2 Qe6 38.Qxg5 Qe8 39.Kf1 Ne5 40.Kg2 Nf7 41.Qg6 Bxe4 42.Qxe4 Qg8+
43.Kf1 Nd6 44.Qb4+ Nb7 45.Rd7 Qc8 46.Qd4 h4 47.Rh7 Qh3+ 48.Ke2 Qe6+ 49.Qe4 Qa6+
50.c4 Qf6 51.Rxh4 Qxb2+ 52.Kf1 Bb6 53.Qe8+ Nd8 54.Qe2 Qf6 55.Re4 Kc7 56.f4 Qf5
57.Re7+ Kd6 58.Qe5+ Qxe5 59.Rxe5 Ne6 60.Rd5+ Ke7 61.f5 Nc5 62.f3 Nd7 63.Ke2 Ba7
64.Ra5 Bb6 65.Rb5 Bc5 66.Kd3 Kd6 67.Ke4 Kc6 68.Rb1 Bd6 69.Rd1 Nc5+ 70.Kd4 Nb3+
71.Kc3 Nc5 72.Kd4 Nb3+ 73.Ke3 Be5 74.f4 Bf6 75.Rh1 Nc5 76.Kf3 Kd7 77.Rd1+ Kc6
78.Kg4 Nd7 79.Kh5 Nf8 80.Kh6 Kc5 81.Rc1 Bd4 82.Kg5 Nd7 83.Kg6 Be3 84.Rd1 Kc6
85.Kg5 Ne5 86.f6 Nf7+ 87.Kg6 Nd6 88.Rxd6+  1-0

[Event "Ramsgate op"]
[Site "Ramsgate"]
[Date "1981.??.??"]
[Round "?"]
[White "Patrick, DI."]
[Black "Jacobs, Byron A"]
[Result "1/2-1/2"]
[WhiteElo "2275"]
[BlackElo "2245"]

1.e4 e5 2.Nf3 Nc6 3.Bb5 a6 4.Ba4 Nf6 5.O-O b5 6.Bb3 Bb7 7.Qe2 Be7 8.d3 O-O
9.Nc3 Nd4 10.Nxd4 exd4 11.Nd1 d5 12.e5 Ne8 13.c3 c5 14.cxd4 cxd4 15.f4 f5
16.Rf3 Nc7 17.Nf2 Ne6 18.Rh3 Nc7 19.Bd2 a5 20.Rf1 a4 21.Bd1 Kh8  1/2-1/2

[Event "Ramsgate op"]
[Site "Ramsgate"]
[Date "1981.??.??"]
[Round "?"]
[White "Westerinen, Heikki MJ"]
[Black "Jacobs, Byron A"]
[Result "1/2-1/2"]
[WhiteElo "2420"]
[BlackElo "2245"]

1.e4 e5 2.Nf3 Nc6 3.Bb5 a6 4.Ba4 Nf6 5.O-O b5 6.Bb3 Bb7 7.d3 Be7 8.Nc3 O-O
9.Nd5 Na5 10.Nxe7+ Qxe7 11.Nh4 Nxb3 12.Nf5 Qe6 13.axb3 d5 14.f3 Rfd8 15.Qe1 c5
16.Bg5 Rd7 17.Qh4 Ne8 18.Ne7+ Kh8 19.exd5 Bxd5 20.Nxd5 Qxd5 21.Rfe1 f6 22.Be3 Nc7
23.Qe4 Ne6 24.c3 Rdd8 25.Qxd5 Rxd5 26.Red1 g5 27.Ra5 Rd6 28.Kf2 c4 29.bxc4 bxc4
30.d4 Rad8 31.Rc1 exd4 32.cxd4 Rb8 33.Rc2 Nxd4 34.Bxd4 Rxd4 35.Rxa6 Kg7 36.Rc6 Rd5
37.g4 Rdb5 38.R6xc4  1/2-1/2

[Event "Ramsgate op"]
[Site "Ramsgate"]
[Date "1981.??.??"]
[Round "?"]
[White "Nykopp, Jan Michael F"]
[Black "Flear, Glenn C"]
[Result "1-0"]
[WhiteElo "2260"]
[BlackElo "2385"]

1.e4 e5 2.Nf3 Nc6 3.Bb5 a6 4.Ba4 Nf6 5.O-O b5 6.Bb3 Bb7 7.d3 Be7 8.Nc3 O-O
9.Nd5 Na5 10.Nxe7+ Qxe7 11.Nh4 Nxb3 12.Nf5 Qe6 13.axb3 d5 14.f3 c5 15.Qe1 Rfc8
16.Qg3 Ne8 17.Bh6 g6 18.Bd2 f6 19.Nh6+ Kh8 20.f4 dxe4 21.fxe5 f5 22.Bg5 c4
23.dxc4 bxc4 24.b4 Bd5 25.c3 a5 26.bxa5 Rc5 27.h4 Rcxa5 28.Rxa5 Rxa5 29.h5 Ra2
30.hxg6 hxg6 31.Rf2 Qb6 32.Be3 Qe6 33.Rd2 Ra1+ 34.Kf2 Kg7 35.Qg5 Kh7 36.Qh4 Kg7
37.Rxd5 Qxd5 38.Qe7+ Kh8 39.Qxe8+ Kg7 40.Qe7+ Kh8 41.Nf7+  1-0

[Event "Tirnava"]
[Site "Trnava"]
[Date "1981.??.??"]
[Round "7"]
[White "Plachetka, Jan"]
[Black "Cvetkovic, Srdjan"]
[Result "1-0"]
[WhiteElo "2425"]
[BlackElo "2410"]

1.e4 e5 2.Nf3 Nc6 3.Bb5 a6 4.Ba4 Nf6 5.O-O b5 6.Bb3 Bb7 7.d3 Be7 8.a4 O-O
9.Nc3 b4 10.Nd5 Na5 11.Nxf6+ Bxf6 12.Ba2 c5 13.Bd2 Rb8 14.h3 d6 15.Qe1 Kh8
16.Kh1 Be7 17.Bd5 Bxd5 18.exd5 f5 19.Qe2 Bf6 20.c3 Nb3 21.Rab1 Qd7 22.Bg5 c4
23.dxc4 e4 24.Bxf6 gxf6 25.Nd4 Nxd4 26.cxd4 f4 27.Qxe4 f3 28.Rbe1 Qxa4 29.Re3 fxg2+
30.Kxg2 b3 31.c5 Qd7 32.c6 Qf7 33.Rf3  1-0

[Event "URS-FL49"]
[Site "Volgodonsk"]
[Date "1981.??.??"]
[Round "9"]
[White "Vasiukov, Evgeni"]
[Black "Mikhalchishin, Adrian"]
[Result "0-1"]
[WhiteElo "2545"]
[BlackElo "2545"]

1.e4 e5 2.Nf3 Nc6 3.Bb5 a6 4.Ba4 Nf6 5.O-O b5 6.Bb3 Bb7 7.Nc3 Be7 8.d3 O-O
9.Be3 d6 10.a3 h6 11.Nd5 Nxd5 12.Bxd5 Qc8 13.c4 Nd8 14.Rc1 c6 15.c5 Ne6 16.cxd6 Bxd6
17.Nh4 Qd7 18.Bxe6 Qxe6 19.Nf5 Rfd8 20.Bb6 Re8 21.Qg4 Bf8 22.f4 g6 23.fxe5 Qxe5
24.Be3 Bc8 25.Rxc6 Kh7 26.Qh4 Bxf5 27.Rxf5 gxf5 28.Bxh6 Bxh6 29.Rxh6+ Kg8
30.g4 Rac8 31.Rh5 Rc1+ 32.Kf2 Qxb2+ 33.Ke3 f4+ 34.Kxf4 Qd2+  0-1

[Event "DDR-POL-CSR U26"]
[Site "Zinnowitz"]
[Date "1981.??.??"]
[Round "?"]
[White "Mokry, Karel"]
[Black "Panczyk, Krzysztof"]
[Result "1-0"]
[WhiteElo "2410"]
[BlackElo "2365"]

1.e4 e5 2.Nf3 Nc6 3.Bb5 a6 4.Ba4 Nf6 5.O-O b5 6.Bb3 Bb7 7.Re1 Bc5 8.c3 d6
9.d4 Bb6 10.a4 h6 11.dxe5 Nxe5 12.Nxe5 dxe5 13.Qf3 O-O 14.Nd2 Qd7 15.h3 Rad8
16.Bc2 Nh7 17.Qg3 Qxd2 18.Bxd2 Rxd2 19.a5 Ba7 20.Rac1 Ng5 21.Kf1 Rfd8 22.Rcd1 Bxf2
23.Qxf2 Rxf2+ 24.Kxf2 Rxd1 25.Rxd1 Bxe4 26.Rd8+ Kh7 27.h4 Bxc2 28.hxg5 hxg5
29.Ra8 f5 30.Rxa6 e4 31.Re6 f4 32.a6 g4 33.g3 e3+ 34.Kg1 Bb3 35.Re5 f3 36.Rxe3  1-0

[Event "Caorle op"]
[Site "Caorle"]
[Date "1982.??.??"]
[Round "3"]
[White "Hadzi Manev, Ljubomir"]
[Black "Gerding, T."]
[Result "1-0"]
[WhiteElo "2000"]
[BlackElo "2000"]

1.e4 e5 2.Nf3 Nc6 3.Bb5 a6 4.Ba4 Nf6 5.O-O b5 6.Bb3 Bb7 7.c3 Nxe4 8.Qe2 d5
9.d3 Nc5 10.Nxe5 Nxe5 11.Qxe5+ Ne6 12.d4 Bd6 13.Qh5 O-O 14.Be3 g6 15.Qh6 f5
16.f4 Re8 17.Nd2 Qf6 18.Nf3 Re7 19.Ne5 Bxe5 20.dxe5 Qf8 21.Qxf8+ Kxf8 22.a4 Ree8
23.Rfd1 Red8 24.axb5 axb5 25.Rxa8 Bxa8 26.Ra1 Ke7 27.Ra7 Bc6 28.h3 Ra8 29.Rxa8 Bxa8
30.g4 Ng7 31.Kf2 Ke6 32.Bd1 Bc6 33.Ba7 Bd7 34.Be2 Kf7 35.Ke3 Ne6 36.Bd3 Nf8
37.Kf3 c6 38.Bc5 Be6 39.Bxf8 Kxf8 40.Kg3 Kg7 41.Be2 h6 42.Kf2 Kf7 43.Ke3 Ke7
44.Kd4 Kd7 45.Kc5 Kc7 46.gxf5 gxf5 47.Bh5 Kd7 48.Bg6 Kc7 49.Be8 Bd7 50.Bf7 Bc8
51.e6 b4 52.e7  1-0

[Event "Gausdal Int"]
[Site "Gausdal"]
[Date "1982.??.??"]
[Round "2"]
[White "Morris, Walter D"]
[Black "Thorsteins, Karl"]
[Result "1/2-1/2"]
[WhiteElo "2325"]
[BlackElo "2310"]

1.e4 e5 2.Nf3 Nc6 3.Bb5 a6 4.Ba4 Nf6 5.O-O b5 6.Bb3 Bb7 7.Re1 Bc5 8.c3 d6
9.d4 Bb6 10.a4 h6 11.Qd3 O-O 12.Nbd2 exd4 13.Nxd4 Nxd4 14.cxd4 Re8 15.f3 Qd7
16.axb5 axb5 17.Rxa8 Bxa8 18.Nb1 c5 19.dxc5 dxc5 20.Qxd7 c4+ 21.Be3 Nxd7
22.Bxb6 Nxb6 23.Bc2 Rd8 24.Rd1 Rxd1+ 25.Bxd1 b4 26.Kf2 Bc6 27.Nd2 Bd7 28.Ke3 f5
29.Kd4 fxe4 30.fxe4 Be6 31.Be2 c3 32.bxc3 bxc3 33.Kxc3 g5 34.Kd4 Kf7 35.Bb5 Ke7
36.Kc5 Nd7+ 37.Bxd7 Kxd7 38.Nc4 h5 39.Ne3 Ba2 40.Kd4 Ke6 41.Nf5 h4 42.Ne3 Bb3
43.Ng4 Ba4 44.Ne5 Bb3 45.Nf3 Kf6 46.Kc5 h3 47.gxh3 Bd1 48.Nxg5  1/2-1/2

[Event "Bundesliga 8182"]
[Site "Germany"]
[Date "1982.??.??"]
[Round "?"]
[White "Anbuhl, Edgar"]
[Black "Vogel, Robert"]
[Result "0-1"]
[WhiteElo "2200"]
[BlackElo "2245"]

1.e4 e5 2.Nf3 Nc6 3.Bb5 a6 4.Ba4 Nf6 5.O-O b5 6.Bb3 Bb7 7.d3 Be7 8.c4 bxc4
9.Bxc4 O-O 10.Nc3 d6 11.a3 h6 12.b4 Qd7 13.h3 Rfe8 14.Be3 Bf8 15.Rc1 Ne7
16.Bb3 Ng6 17.Ba4 c6 18.Nd2 d5 19.exd5 Nxd5 20.Nc4 Rad8 21.Na5 Ndf4 22.Nxb7 Qxb7
23.Ne4 Rxd3 24.Bxc6 Qc8 25.Bxe8 Qxe8 26.Qg4 Qa8 27.Bxf4 Qxe4 28.Be3 Qxg4
29.hxg4 Rxa3 30.Bc5 Nf4 31.Ra1 Rc3 32.Bxf8 Kxf8 33.Rxa6 Rb3 34.Rb6 Ne2+ 35.Kh2 Nd4
36.Rb7 g6 37.Re1 Rb2 38.Kg3 Ne2+ 39.Kh2 Nf4 40.Rf1 Nd3 41.b5 e4 42.Kg3 Rb3
43.f3 e3 44.Rd1 e2 45.Rxd3 e1=Q+  0-1

[Event "Havana"]
[Site "Havana"]
[Date "1982.??.??"]
[Round "1"]
[White "Sisniega, Marcel"]
[Black "Nogueiras, Jesus"]
[Result "1-0"]
[WhiteElo "2440"]
[BlackElo "2495"]

1.e4 e5 2.Nf3 Nc6 3.Bb5 a6 4.Ba4 Nf6 5.O-O b5 6.Bb3 Bb7 7.Nc3 Na5 8.Nxe5 Nxb3
9.axb3 b4 10.Nd5 Nxe4 11.d3 Bxd5 12.dxe4 Be6 13.f4 f6 14.f5 Bc5+ 15.Kh1 Bg8
16.Qh5+ Kf8 17.Ng6+ hxg6 18.Qxh8 Qe8 19.fxg6 Qxg6 20.e5 Qh7 21.Qxh7 Bxh7
22.Bf4 Bd4 23.Rad1 Bxb2 24.Rxd7 Kg8 25.exf6 Bxf6 26.Rxc7 Re8 27.Bd2 a5 28.h3 Bg6
29.Re1 Rd8 30.Bf4 Rd5 31.Re6 Rf5 32.Bg3 Rf1+ 33.Kh2 Bf5 34.Re2 Rd1 35.Be5 Rd2
36.Re3 Rxc2 37.Rxc2 Bxc2 38.Bxf6 gxf6 39.Re8+ Kf7 40.Ra8 Bxb3 41.Rxa5 Bc2
42.Rb5 b3 43.Kg3 Ke6 44.Kf4 Kf7 45.Ke3 Kg7 46.Kd4 Kg6 47.Kd5 Kf5 48.Rb4 Kg5
49.Ke6 Bf5+ 50.Kf7 Bd3 51.h4+ Kh5 52.Kxf6 b2 53.g4+  1-0

[Event "Luzern ol (Men)"]
[Site "Luzern"]
[Date "1982.??.??"]
[Round "3"]
[White "Mortensen, Erling"]
[Black "Rodriguez, Amador"]
[Result "1-0"]
[WhiteElo "2440"]
[BlackElo "2480"]

1.e4 e5 2.Nf3 Nc6 3.Bb5 a6 4.Ba4 Nf6 5.O-O b5 6.Bb3 Bb7 7.c3 Nxe4 8.d4 Na5
9.Bc2 exd4 10.Qe2 d5 11.Nxd4 c5 12.Nb3 Nxb3 13.axb3 Be7 14.Re1 Nd6 15.Be3 Rc8
16.b4 cxb4 17.Bd4 f6 18.Nd2 bxc3 19.bxc3 Kf8 20.Rad1 Rc6 21.Qh5 Qe8 22.Qh3 Nc8
23.Nb3 Qd8 24.Ra1 Ba8 25.Bf5 h5 26.Na5 Rc7 27.Re6 Bd6 28.Nb3 Bb7 29.Rae1 Kf7
30.Qd3 Ne7 31.Bb6 Bc8 32.Nd4 Bc5 33.Bxc7 Qxc7 34.Rxe7+ Bxe7 35.Qf3 g6 36.Qxd5+ Kg7
37.Bxc8  1-0

[Event "Luzern ol (Men)"]
[Site "Luzern"]
[Date "1982.??.??"]
[Round "12"]
[White "Van der Sterren, Paul"]
[Black "Fernandez Garcia, Jose L"]
[Result "1/2-1/2"]
[WhiteElo "2465"]
[BlackElo "2400"]

1.e4 e5 2.Nf3 Nc6 3.Bb5 a6 4.Ba4 Nf6 5.O-O b5 6.Bb3 Bb7 7.Re1 Bc5 8.c3 Bb6
9.d4 d6 10.Bg5 h6 11.Bh4 Qd7 12.a4 O-O-O 13.axb5 axb5 14.Na3 g5 15.Bg3 h5
16.h4 gxh4 17.Bxh4 Rh6 18.Nxb5 Rg8 19.Ng5 Rhg6 20.Bxf7 Rxg5 21.Bxg8 Rxg8
22.Bxf6 Qh3 23.g3 Rf8 24.Bh4 exd4 25.cxd4 Ne5 26.f4 Rxf4 27.gxf4 Nf3+ 28.Kf2 Nxe1
29.Qxe1 Qxh4+ 30.Ke3 Qh3+ 31.Kd2 Qb3 32.Nc3 Bxd4 33.Kc1 Qc4 34.Ra3 Bc5 35.Ra4 Qd3
36.Nd1 Bc6 37.Qa5 Bxa4 38.Qa8+ Kd7 39.Qxa4+ Ke7 40.Qc6 Bb6 41.f5 h4 42.e5  1/2-1/2

[Event "Minsk"]
[Site "Minsk"]
[Date "1982.??.??"]
[Round "?"]
[White "Marjanovic, Slavoljub"]
[Black "Chandler, Murray G"]
[Result "0-1"]
[WhiteElo "2515"]
[BlackElo "2470"]

1.e4 e5 2.Nf3 Nc6 3.Bb5 a6 4.Ba4 Nf6 5.O-O b5 6.Bb3 Bb7 7.Re1 Bc5 8.c3 d6
9.d4 Bb6 10.Bg5 h6 11.Bh4 Qd7 12.a4 O-O-O 13.axb5 axb5 14.Na3 g5 15.Bg3 h5
16.h4 gxh4 17.Bxh4 Rh6 18.Nxb5 Rg8 19.Qd3 exd4 20.cxd4 Nb4 21.Qc4 Nxe4 22.Qxf7 Qxf7
23.Bxf7 Rg7 24.d5 Rxf7 25.Rxe4 Nxd5 26.Re8+ Kd7 27.Rd8+ Kc6 28.Nbd4+ Bxd4
29.Nxd4+ Kb6 30.Bg5 Rg6 31.Bd2 Nf4 32.Ba5+ Kc5 33.Nb3+ Kc4 34.Nd2+ Kd3 35.Ra3+ Kc2
36.g3 Ne2+ 37.Kf1 Nxg3+ 38.Ke1 Re6+ 39.Re3 Rxe3+ 40.fxe3 Ba6 41.Ra8 Bb5 42.Rg8 Nf1
43.Rg2 Nxe3 44.Rf2 Rxf2 45.Kxf2 Nd1+ 46.Kg3 c6 47.Nf3 Nxb2 48.Kh4 d5 49.Bb6 Na4
50.Ba7 Kc3 51.Nd4 Kc4 52.Kxh5 c5 53.Nf5 d4 54.Bxc5 Nxc5 55.Nxd4 Kxd4 56.Kg4 Ke4
57.Kg5 Nd3 58.Kg6 Ke5 59.Kf7 Bc4+ 60.Kg6 Be6 61.Kg7 Kf5 62.Kh6 Ne5 63.Kg7 Nf7
64.Kf8 Kf6 65.Kg8 Bf5 66.Kf8 Bh7 67.Ke8 Ne5 68.Kd8 Ke6 69.Kc7 Nd7 70.Kd8 Kd6
71.Ke8 Bg6+ 72.Kd8 Nc5 73.Kc8 Bd3 74.Kd8 Bb5 75.Kc8 Bd7+ 76.Kb8 Kc6 77.Ka7 Kc7
78.Ka8 Bc8 79.Ka7 Nd7 80.Ka8 Ne5  0-1

[Event "Minsk"]
[Site "Minsk"]
[Date "1982.??.??"]
[Round "?"]
[White "Chandler, Murray G"]
[Black "Rodriguez, Amador"]
[Result "1-0"]
[WhiteElo "2470"]
[BlackElo "2485"]

1.e4 e5 2.Nf3 Nc6 3.Bb5 a6 4.Ba4 Nf6 5.O-O b5 6.Bb3 Bb7 7.Nc3 Be7 8.d3 O-O
9.Bd2 d6 10.a4 Na5 11.Ba2 b4 12.Nd5 c5 13.Nxe7+ Qxe7 14.Nh4 Ne8 15.Nf5 Qd7
16.f4 Nc6 17.Qh5 g6 18.Qh6 gxf5 19.Rf3 Qe7 20.Rh3 Nf6 21.Rg3+ Ng4 22.exf5 Kh8
23.Rxg4 f6 24.c3 Rad8 25.Re1 bxc3 26.bxc3 Bc8 27.fxe5 dxe5 28.Qh5  1-0

[Event "Moscow-ch"]
[Site "Moscow"]
[Date "1982.??.??"]
[Round "2"]
[White "Sokolov, Andrei"]
[Black "Kuzmin, Alexey"]
[Result "1/2-1/2"]
[WhiteElo "2425"]
[BlackElo "2200"]

1.e4 e5 2.Nf3 Nc6 3.Bb5 a6 4.Ba4 Nf6 5.O-O b5 6.Bb3 Bb7 7.d3 Be7 8.Nbd2 O-O
9.Re1 d6 10.c3 h6 11.Nf1 Re8 12.Ng3 Bf8 13.h3 Na5 14.Bc2 c5 15.Nh2 d5 16.Ng4 dxe4
17.dxe4 Nxg4 18.Qxg4 Qf6 19.Nf5 Kh8 20.Ne3 Nc4 21.Nd5 Bxd5 22.exd5 g6 23.a4 Nd6
24.h4 Bg7 25.h5 g5 26.Be3 c4 27.axb5 axb5 28.Bc5 Kg8 29.g3 Nb7 30.Bb4 Bf8
31.Qd7 Bxb4 32.Rxa8 Rxa8 33.Qxb7 Bc5 34.Qxa8+ Kg7 35.Re2 Qf3 36.Bd1 Qd3 37.Qa1 Qxg3+
38.Kf1 Qf3 39.Ke1 e4 40.Re3 Qh1+ 41.Kd2 g4 42.Re1 Qg2 43.Kc1 Bxf2 44.Re2 Qf3
45.d6 Be3+ 46.Kb1 Bg5 47.Re1 Qf2 48.Rxe4 g3 49.Qa8 g2 50.Rg4 Qf5+ 51.Ka2 Qxg4
52.Bxg4 g1=Q 53.Bf3 Qb6 54.Qd5  1/2-1/2

[Event "Moscow-ch"]
[Site "Moscow"]
[Date "1982.??.??"]
[Round "8"]
[White "Lutikov, Anatoly S"]
[Black "Kuzmin, Alexey"]
[Result "1-0"]
[WhiteElo "2390"]
[BlackElo "2200"]

1.e4 e5 2.Nf3 Nc6 3.Bb5 a6 4.Ba4 Nf6 5.O-O b5 6.Bb3 Bb7 7.d3 Be7 8.c3 O-O
9.Re1 h6 10.Nbd2 Re8 11.Nf1 Bf8 12.Ng3 d5 13.exd5 Nxd5 14.d4 Qd6 15.Ne4 Qd7
16.Bxh6 exd4 17.Bg5 Nb6 18.Qd3 Nc4 19.cxd4 N6e5 20.Nxe5 Rxe5 21.Bc2 Bxe4
22.Rxe4 Rxg5 23.Re8 f5 24.Rxa8 Qd5 25.Rxf8+ Kxf8 26.g3 Rg4 27.Rd1 Re4 28.Bb3 c5
29.Bxc4 bxc4 30.Qa3 Rxd4 31.Rxd4 Qxd4 32.Qxa6 c3 33.bxc3 Qxc3 34.Qc8+ Ke7
35.Qxf5 c4 36.Kg2 Qc1 37.Qc5+ Ke6 38.a4 c3 39.a5 Qc2 40.Qc6+ Ke5 41.a6  1-0

[Event "Moscow-ch"]
[Site "Moscow"]
[Date "1982.??.??"]
[Round "14"]
[White "Aseev, Konstantin N"]
[Black "Kuzmin, Alexey"]
[Result "0-1"]
[WhiteElo "2295"]
[BlackElo "2200"]

1.e4 e5 2.Nf3 Nc6 3.Bb5 a6 4.Ba4 Nf6 5.O-O b5 6.Bb3 Bb7 7.Re1 Bc5 8.c3 d6
9.d4 Bb6 10.Be3 O-O 11.Nbd2 h6 12.a4 Ng4 13.Nf1 Nxe3 14.Nxe3 exd4 15.cxd4 Ne7
16.Qd3 c6 17.Rad1 Ba5 18.Re2 Ng6 19.g3 Re8 20.e5 d5 21.Nf5 Bc7 22.h4 Bc8
23.Rc1 Bd7 24.Bc2 Rb8 25.axb5 axb5 26.Nd2 c5 27.dxc5 Rxe5 28.Nd4 Rxe2 29.Qxe2 Ne5
30.Bf5 Bxf5 31.Nxf5 Qf6 32.Nd4 Nc4 33.N2f3 b4 34.b3 Ne5 35.Rd1 Nd7 36.c6 Nc5
37.Kg2 Ne4 38.Rd3 Bb6 39.Qa2 Nc3 40.Qa6 g6 41.Nb5 Qxc6 42.Nbd4 Qa8 43.Qxa8 Rxa8
44.Rd2 Ra3 45.g4 Kg7 46.Kh3 Bc5 47.Kg2 Kf6 48.g5+ hxg5 49.hxg5+ Kg7 50.Rb2 Ne4
51.Nc2 Ra8 52.Nfd4 Rc8 53.f4 Nc3 54.Nf3 Ne2 55.f5 gxf5 56.Nce1 Nf4+ 57.Kg3 Bd6
58.Kf2 Kg6 59.Ra2 Nh3+ 60.Kg2 Nxg5 61.Ra6 Ne4 62.Nd4 f6 63.Nef3 f4 64.Ra7 Rc7
65.Ra8 Kh7 66.Kh3 Be5 67.Kg4 Rg7+ 68.Kf5 Re7 69.Kg4 Ng3 70.Nf5 Rd7 71.N5d4 Nf1
72.Kf5 Ng3+ 73.Ke6 Rd6+ 74.Ke7 Ne4 75.Ne6 Rb6 76.Ned4 Ng5 77.Ra5 Rb7+ 78.Ke8 Nxf3
79.Nxf3 d4 80.Nxe5 fxe5 81.Rxe5 Kg6 82.Rd5 f3 83.Rxd4 Kf5  0-1

[Event "NZD-ch"]
[Site "NZL"]
[Date "1982.??.??"]
[Round "?"]
[White "Smith, Robert W"]
[Black "Sarapu, Ortvin"]
[Result "1/2-1/2"]
[WhiteElo "2225"]
[BlackElo "2315"]

1.e4 e5 2.Nf3 Nc6 3.Bb5 a6 4.Ba4 Nf6 5.O-O b5 6.Bb3 Bb7 7.Re1 Bc5 8.c3 d6
9.d4 Bb6 10.Be3 O-O 11.Nbd2 h6 12.d5 Ne7 13.Bxb6 cxb6 14.Bc2 g6 15.c4 bxc4
16.Nxc4 Kg7 17.Qd2 Rc8 18.Ne3 Qd7 19.Qb4 Rc5 20.a4 Qc7 21.Re2 a5 22.Qd2 Ba6
23.Bd3 Bxd3 24.Qxd3 Rc8 25.h3 Qd7 26.Kh2 Nh5 27.g3 f5 28.Nd2 Nf6 29.f3 f4
30.gxf4 Nh5 31.fxe5 dxe5 32.Ng2 Qd6 33.Kg1 g5 34.Nf1 Qd7 35.f4 gxf4 36.Kh2 Ng6
37.Ne1 f3 38.Qxf3 Nhf4 39.Rd2 Kh7 40.Nd3 Nxd3 41.Qxd3  1/2-1/2

[Event "POL-ch"]
[Site "POL"]
[Date "1982.??.??"]
[Round "?"]
[White "Pokojowczyk, Jerzy"]
[Black "Panczyk, Krzysztof"]
[Result "1-0"]
[WhiteElo "2450"]
[BlackElo "2390"]

1.e4 e5 2.Nf3 Nc6 3.Bb5 a6 4.Ba4 Nf6 5.O-O b5 6.Bb3 Bb7 7.d3 Be7 8.c4 bxc4
9.Bxc4 O-O 10.Nc3 Na5 11.Nxe5 d6 12.Nxf7 Rxf7 13.Bxf7+ Kxf7 14.b4 Nc6 15.d4 Kg8
16.a3 Qd7 17.f3 Bf8 18.Be3 g6 19.Rc1 Bg7 20.Qa4 Qf7 21.Ne2 Na7 22.d5 Nb5
23.Rfd1 Re8 24.Rd3 Bxd5 25.exd5 Nxd5 26.Qxa6 Nxe3 27.Qxb5 Nxg2 28.Rxc7 Qe6
29.Rxd6 Qe5 30.Rxg7+  1-0

[Event "POL-ch"]
[Site "POL"]
[Date "1982.??.??"]
[Round "?"]
[White "Swic, Waldemar"]
[Black "Panczyk, Krzysztof"]
[Result "1-0"]
[WhiteElo "2345"]
[BlackElo "2390"]

1.e4 e5 2.Nf3 Nc6 3.Bb5 a6 4.Ba4 Nf6 5.O-O b5 6.Bb3 Bb7 7.Re1 Bc5 8.c3 d6
9.d4 Bb6 10.Nh4 Qd7 11.Nf5 O-O-O 12.d5 Na5 13.Bc2 g6 14.Nh6 Ng8 15.Nxg8 Rhxg8
16.a4 f5 17.axb5 axb5 18.Na3 fxe4 19.b4 Qf7 20.Be3 Bxe3 21.fxe3 Nc4 22.Nxc4 bxc4
23.Bxe4 Rgf8 24.Qg4+ Qd7 25.Qe2 Qb5 26.Ra5 Qb6 27.Qxc4 Rf6 28.h3 Rdf8 29.Qd3 Rf2
30.Rea1 Kd7 31.c4  1-0

[Event "Capablanca mem-A"]
[Site "Cienfuegos"]
[Date "1983.??.??"]
[Round "?"]
[White "Diaz, Joaquin C"]
[Black "Rodriguez, Amador"]
[Result "0-1"]
[WhiteElo "2365"]
[BlackElo "2475"]

1.e4 e5 2.Nf3 Nc6 3.Bb5 a6 4.Ba4 Nf6 5.O-O b5 6.Bb3 Bb7 7.Re1 Bc5 8.c3 d6
9.a4 O-O 10.d4 Bb6 11.Bg5 h6 12.Bh4 g5 13.Nxg5 hxg5 14.Bxg5 exd4 15.Qf3 Kg7
16.e5 Nxe5 17.Qxb7 dxc3 18.axb5 Ra7 19.Qd5 Nxd5 20.Bxd8 c2 21.Na3 Rxd8 22.Bxd5 Nd3
23.Nxc2 Nxe1 24.Rxe1 axb5 25.Nb4 Ra4 26.Nc6 Re8 27.Kf1 Rxe1+ 28.Kxe1 Ra1+
29.Ke2 Rb1 30.b3 Rb2+  0-1

[Event "Havana-B"]
[Site "Havana"]
[Date "1983.??.??"]
[Round "9"]
[White "Garcia, Gildardo"]
[Black "Rodriguez, Amador"]
[Result "0-1"]
[WhiteElo "2415"]
[BlackElo "2475"]

1.e4 e5 2.Nf3 Nc6 3.Bb5 a6 4.Ba4 Nf6 5.O-O b5 6.Bb3 Bb7 7.d4 Nxd4 8.Nxd4 exd4
9.e5 Ne4 10.Qf3 Qe7 11.Nd2 Nc5 12.Bd5 c6 13.Ne4 Nxe4 14.Bxe4 O-O-O 15.a4 b4
16.h3 h5 17.Bf4 g5 18.Bg3 Bg7 19.Qf5 Rde8 20.Rfe1 h4 21.Bh2 Bxe5 22.Bxe5 Qxe5
23.Qxf7 Rhf8 24.Qh5 Qf4 25.Bf3 Re5 26.Rad1 Kc7 27.Qg4 Qxg4 28.Bxg4 d6 29.Rxe5 dxe5
30.Re1 Kd6 31.Bf3 Bc8 32.Be4 c5 33.b3 a5 34.f3 Be6 35.Bd3 c4 36.bxc4 Rc8
37.Kf2 Bxc4 38.Bf5 Be6 39.Be4 Bd7 40.Ke2 Rc3 41.Kd2 Bxa4 42.Ra1 Ra3  0-1

[Event "Jurmala"]
[Site "Jurmala"]
[Date "1983.??.??"]
[Round "9"]
[White "Vitolinsh, Alvis"]
[Black "Chandler, Murray G"]
[Result "1-0"]
[WhiteElo "2365"]
[BlackElo "2500"]

1.e4 e5 2.Nf3 Nc6 3.Bb5 a6 4.Ba4 Nf6 5.O-O b5 6.Bb3 Bb7 7.d4 Nxd4 8.Bxf7+ Kxf7
9.Nxe5+ Kg8 10.Qxd4 c5 11.Qd1 Qe8 12.Nf3 Qxe4 13.Bg5 Qc6 14.Nc3 Ng4 15.Re1 b4
16.Qe2 c4 17.Na4 h6 18.Bh4 Bd6 19.Bg3 Bxg3 20.fxg3 Rc8 21.Nd4 Qg6 22.Nb6 Rf8
23.Qxc4+ Kh7 24.Qd3 Qxd3 25.cxd3 Rf2 26.Re2 Rxe2 27.Nxe2 Re8 28.Re1 Bc6 29.Nc4 d5
30.Nd6 Re3 31.Nf5 Rxd3 32.Ned4 Bd7 33.h3 Nf6 34.Re7 Kh8 35.Kh2 g6 36.Rf7 gxf5
37.Nf3 f4 38.Rxf6 fxg3+ 39.Kxg3 Bb5 40.Rxh6+ Kg7 41.Rd6 a5 42.h4 Bc4 43.h5 Bxa2
44.h6+ Kh8 45.Kf4 Rd1 46.g4 Bb1 47.g5 a4 48.g6 Bxg6 49.Rxg6 Rf1 50.Ra6 d4
51.Rxa4 d3 52.Ke3  1-0

[Event "Lugano op"]
[Site "Lugano"]
[Date "1983.??.??"]
[Round "?"]
[White "Lau, Ralf"]
[Black "Flear, Glenn C"]
[Result "0-1"]
[WhiteElo "2395"]
[BlackElo "2445"]

1.e4 e5 2.Nf3 Nc6 3.Bb5 a6 4.Ba4 Nf6 5.O-O b5 6.Bb3 Bb7 7.d3 h6 8.c3 g6 9.a4 Bg7
10.Na3 d5 11.Qe2 O-O 12.Rd1 Re8 13.Bd2 Qd7 14.Bc2 Na7 15.axb5 axb5 16.Ra2 Nc8
17.exd5 Nxd5 18.Re1 Nd6 19.Qd1 c5 20.Ra1 b4 21.cxb4 Nxb4 22.Bc3 Bxf3 23.gxf3 Qh3
24.Bxb4 cxb4 25.Nc4 Rxa1 26.Qxa1 Nf5 27.Bd1 Nh4 28.Ne3 e4 29.Qa4 Rb8 30.f4 Bd4
31.Bg4 Nf3+ 32.Bxf3 exf3 33.Qc2 b3 34.Qd2 Rc8  0-1

[Event "Lvov"]
[Site "Lvov"]
[Date "1983.??.??"]
[Round "?"]
[White "Donchev, Dimitar I"]
[Black "Pirttimaki, Timo"]
[Result "1/2-1/2"]
[WhiteElo "2450"]
[BlackElo "2360"]

1.e4 e5 2.Nf3 Nc6 3.Bb5 a6 4.Ba4 Nf6 5.O-O b5 6.Bb3 Bb7 7.d3 Be7 8.Nc3 O-O
9.a4 b4 10.Nd5 Nxd5 11.Bxd5 d6 12.Bd2 a5 13.c3 Rb8 14.Qc2 bxc3 15.Bxc3 Nb4
16.Bxb4 axb4 17.Bxb7 Rxb7 18.Qb3 c5 19.Qd5 Ra7 20.Nd2 Kh8 21.b3 g6 22.Nc4 Qa8
23.Qxa8 Raxa8 24.Rad1 Kg7 25.g3 Ra6 26.Kg2 Rd8 27.Ne3 Ra7 28.Nd5 Rf8 29.f4 Bf6
30.f5 g5 31.g4 h5 32.gxh5 Rh8 33.Rf3 Rxh5 34.Rh3 Rxh3 35.Kxh3 Bd8 36.Kg4 Ra8
37.Rf1 f6 38.h4 gxh4 39.Rh1 Ra6 40.Rxh4 Ra8 41.Kh5 Ra7 42.Rg4+ Kh7 43.Rg6 Rf7
44.a5 Rf8 45.a6 Rf7 46.Rg1 Ra7 47.Ra1 Kg7 48.Kg4 Kf7 49.Kf3 Ke8 50.Ke3 Kd7
51.Ke2 Ke8 52.Ke3 Kd7 53.Kf3 Ke8 54.Kg4 Kf7 55.Kh5 Kg7 56.Rg1+ Kh7 57.Rg6 Rxa6
58.Nxf6+ Bxf6 59.Rxf6 Kg7 60.Rg6+ Kf7 61.Kg5 Ra1 62.Rxd6 Rg1+ 63.Kh5  1/2-1/2

[Event "Paris"]
[Site "Paris"]
[Date "1983.??.??"]
[Round "?"]
[White "Boey, Josef"]
[Black "Flear, Glenn C"]
[Result "0-1"]
[WhiteElo "2415"]
[BlackElo "2445"]

1.e4 e5 2.Nf3 Nc6 3.Bb5 a6 4.Ba4 Nf6 5.O-O b5 6.Bb3 Bb7 7.d4 Nxd4 8.Nxd4 exd4
9.c3 Nxe4 10.Re1 Be7 11.Qg4 O-O 12.Rxe4 Bxe4 13.Qxe4 Bf6 14.Bd2 Re8 15.Qf3 Qe7
16.Kf1 c6 17.cxd4 Bxd4 18.Nc3 d5 19.Rc1 Qd6 20.Bf4 Qf6 21.Bc2 g6 22.Bg3 Qxf3
23.gxf3 Rad8 24.Nd1 c5 25.b3 Re6 26.Ne3 Bxe3 27.fxe3 Rxe3 28.Bd1 c4 29.Bf2 Rd3
30.a4 cxb3 31.axb5 b2 32.Rb1 Rxd1+ 33.Rxd1 Rc8 34.Be3 d4 35.Bd2 Rb8 36.Ke2 Rxb5
37.Rb1 a5 38.Bxa5 Rxa5 39.Rxb2 Rd5 40.Kd3 Kg7 41.f4 Rd6 42.Rg2 f5 43.h4 Re6  0-1